[Event "lets play chess"]
[Site "SchemingMind.com"]
[Date "2008.11.23"]
[Round "-"]
[White "Orange Lion"]
[Black "Sixmax"]
[Result "1-0"]
[WhiteCountry "NED"]
[BlackCountry "DEN"]
[WhiteElo "2331"]
[WhiteRD "89"]
[BlackElo "2071"]
[BlackRD "62"]
[GameID "179857"]

1. Nf3 c5 2. c4 Nf6 3. g3 d5 4. cxd5 Nxd5 5. d4 cxd4 6. Bg2 Nb4 7. Qa4+ N4c6 8. O-O g6 9. Rd1 Bg7 10. Nxd4 Bxd4
11. e3 O-O 12. exd4 Bg4 13. f3 Bd7 14. Nc3 Re8 15. Be3
1-0

[Event "lets play chess"]
[Site "SchemingMind.com"]
[Date "2008.11.21"]
[Round "-"]
[White "Sixmax"]
[Black "Orange Lion"]
[Result "0-1"]
[WhiteCountry "DEN"]
[BlackCountry "NED"]
[WhiteElo "2071"]
[WhiteRD "62"]
[BlackElo "2331"]
[BlackRD "89"]
[GameID "179861"]

1. e4 e6 2. d4 d5 3. Nc3 Bb4 4. Ne2 dxe4 5. a3 Bxc3+ 6. Nxc3 Nc6 7. Bb5 Ne7 8. Bg5 f6 9. Be3 O-O 10. Qd2 f5
11. O-O-O Ng6 12. Bg5 Nce7 13. g4 Qd6 14. h4 Nd5 15. h5 Nge7
0-1

[Event "lets play chess"]
[Site "SchemingMind.com"]
[Date "2008.12.03"]
[Round "-"]
[White "adamsrichg"]
[Black "murmac"]
[Result "1-0"]
[WhiteCountry "USA"]
[BlackCountry "SCO"]
[WhiteElo "1927"]
[WhiteRD "69"]
[BlackElo "1439"]
[BlackRD "85"]
[GameID "181619"]

1. e4 c6 2. d4 d5 3. exd5 cxd5 4. Bd3 Nc6 5. c3 Nf6 6. Bf4 Bg4 7. f3 Bh5 8. Ne2 e6 9. Nd2 Bd6 10. O-O O-O
11. Qc2 Re8 12. Bg3 Bxg3 13. Nxg3 Ne7 14. Nxh5 Ng6 15. Nxf6+ Qxf6 16. Bxg6 fxg6 17. Rfe1 Rf8 18. Nf1 Rae8 19. Ne3 h5 20. Nd1 g5
21. Nf2 g4 22. fxg4 h4 23. Rf1 g5 24. Nh3 Qg7 25. Qd2 Rxf1+ 26. Rxf1 a5 27. Qxg5 b5 28. Qxg7+ Kxg7 29. Nf4 e5 30. dxe5
1-0

[Event "lets play chess"]
[Site "SchemingMind.com"]
[Date "2008.12.04"]
[Round "-"]
[White "murmac"]
[Black "adamsrichg"]
[Result "0-1"]
[WhiteCountry "SCO"]
[BlackCountry "USA"]
[WhiteElo "1439"]
[WhiteRD "85"]
[BlackElo "1927"]
[BlackRD "69"]
[GameID "181625"]

1. e4 c5 2. Nf3 g6 3. Bc4 Bg7 4. d4 cxd4 5. Nxd4 Nc6 6. Nc3 e6 7. Be3 Nge7 8. O-O O-O 9. f4 Qb6 10. b3 Bxd4
11. Bxd4 Qxd4+ 12. Qxd4 Nxd4 13. Bd3 b6 14. Nb5 Nxb5 15. Bxb5 a6 16. Bd3 Bb7 17. c4 Nc6 18. a3 Rfd8 19. Rae1 Nd4 20. Bc2 Nxc2
21. Re2 Nd4 22. Re3 Re8 23. b4 Nc6 24. Rc1 Rac8 25. b5 axb5 26. cxb5 Ne7 27. Rxc8 Rxc8 28. a4 Rc4 29. a5 bxa5
0-1

[Event "lets play chess"]
[Site "SchemingMind.com"]
[Date "2008.12.22"]
[Round "-"]
[White "smothered mate"]
[Black "RIMA7000"]
[Result "0-1"]
[WhiteCountry "POL"]
[BlackCountry "PER"]
[WhiteElo "1868"]
[WhiteRD "56"]
[BlackElo "2114"]
[BlackRD "103"]
[GameID "184691"]

1. e4 e5 2. Nf3 Nc6 3. Bb5 a6 4. Bxc6 dxc6 5. O-O Bg4 6. d3 Bd6 7. h3 Bh5 8. Be3 f6 9. Nbd2 Ne7 10. c4 b6
11. Qa4 O-O 12. g4 Bf7 13. Nh4 Qd7 14. c5 Bxc5 15. Bxc5 bxc5 16. Nb3 Qxd3 17. Nxc5 Qxh3 18. Ng2 Qxg4 19. f3 Qg3 20. Qa5 Ng6
21. Nd3 Bc4 22. Qc3 Bxd3 23. Qxd3 Qxg2+
0-1

[Event "lets play chess"]
[Site "SchemingMind.com"]
[Date "2008.12.22"]
[Round "-"]
[White "RIMA7000"]
[Black "smothered mate"]
[Result "1-0"]
[WhiteCountry "PER"]
[BlackCountry "POL"]
[WhiteElo "2086"]
[WhiteRD "92"]
[BlackElo "1878"]
[BlackRD "51"]
[GameID "184700"]

1. c4 e5 2. Nc3 Nf6 3. Nf3 e4 4. Ng5 b5 5. d3 bxc4 6. dxe4 h6 7. Nxf7 Kxf7 8. e5 Bb7 9. exf6 Qxf6 10. e4 Bc5
11. Qh5+
1-0

[Event "lets play chess"]
[Site "SchemingMind.com"]
[Date "2009.02.27"]
[Round "-"]
[White "Orange Lion"]
[Black "griffimv"]
[Result "1-0"]
[WhiteCountry "NED"]
[BlackCountry "INT"]
[WhiteElo "2309"]
[WhiteRD "98"]
[BlackElo "2382"]
[BlackRD "78"]
[GameID "193509"]

1. Nf3 Nf6 2. c4 e6 3. d4 b6 4. g3 Ba6 5. b3 b5 6. cxb5 Bxb5 7. Bg2 d5 8. O-O Nbd7 9. Re1 Bd6 10. Nc3 Ba6
11. e4 Bb4 12. exd5 Bxc3 13. dxe6 Bxe1 14. Qxe1 O-O 15. e7 Qc8 16. exf8=Q+ Nxf8 17. Ne5 Bb7 18. Nc6 Bxc6 19. Bxc6 Rb8 20. Bb2 Qa6
21. d5 N8d7 22. Qd2 Nc5 23. Bd4 Nce4 24. Qe3 h5 25. h3 Rd8 26. Kg2 Nd6 27. Bxf6 gxf6 28. Qe7 Rc8 29. Qxf6 Qe2 30. Qg5+ Kf8
31. Rc1 Rb8 32. Bd7 Rb7 33. Qf6 Kg8 34. Rc3 Qe4+ 35. Kh2 Qb1 36. Rf3 Qg6 37. Qd8+ Kg7 38. Be6 a5 39. Qd7 Ra7 40. Bxf7 Nxf7
41. d6
1-0

[Event "lets play chess"]
[Site "SchemingMind.com"]
[Date "2009.02.27"]
[Round "-"]
[White "griffimv"]
[Black "Orange Lion"]
[Result "1-0"]
[WhiteCountry "INT"]
[BlackCountry "NED"]
[WhiteElo "2400"]
[WhiteRD "83"]
[BlackElo "2296"]
[BlackRD "97"]
[GameID "193516"]

1. e4 c6 2. d4 d5 3. e5 Bf5 4. Nc3 e6 5. g4 Bg6 6. Nge2 c5 7. h4 h5 8. Nf4 Bh7 9. Nxh5 cxd4 10. Nb5 Be4
11. f3 Bg6 12. Bg5 Be7 13. Qxd4 Nc6 14. Qf4 a6 15. Nd6+ Kf8 16. O-O-O Bxh5 17. gxh5 f6 18. exf6 gxf6 19. Ne4 Qb8 20. Nc3 Bd6
21. Qg4 fxg5 22. hxg5 Qe8 23. f4 Qf7 24. Kb1 Nge7 25. Bd3 Nd4 26. g6 Qg7 27. f5 exf5 28. Qg2 Rd8 29. Nxd5 Nxd5 30. Qxd5 Bc7
31. Qxb7 Be5 32. Qxa6 Rd6 33. Qc8+ Ke7 34. Qc5 Ne6 35. Qb4 Rd8 36. Rdf1 f4 37. h6 Qf6 38. g7
1-0

[Event "lets play chess"]
[Site "SchemingMind.com"]
[Date "2010.09.03"]
[Round "-"]
[White "adamsrichg"]
[Black "esteves101"]
[Result "0-1"]
[WhiteCountry "USA"]
[BlackCountry "PHI"]
[WhiteElo "1837"]
[WhiteRD "102"]
[BlackElo "2074"]
[BlackRD "101"]
[GameID "258994"]

1. e4 e5 2. Nf3 Nc6 3. Bb5 Nf6 4. O-O Bc5 5. Nxe5 Nxe5 6. d4 a6 7. Be2 Nxe4 8. dxc5 d6 9. cxd6 Qxd6 10. Be3 Bf5
11. Nd2 Nxd2 12. Bxd2 O-O-O 13. Bc3 Qg6 14. Qe1 Bh3 15. g3 Bxf1 16. Qxf1 Rhe8 17. Rc1 f6 18. b4 Qe4 19. b5 Nf3+ 20. Bxf3 Qxf3
21. Ba5 Qa3 22. bxa6 Qxa5 23. axb7+ Kxb7 24. Rb1+ Ka7
0-1

[Event "lets play chess"]
[Site "SchemingMind.com"]
[Date "2010.09.03"]
[Round "-"]
[White "esteves101"]
[Black "adamsrichg"]
[Result "1-0"]
[WhiteCountry "PHI"]
[BlackCountry "USA"]
[WhiteElo "2074"]
[WhiteRD "101"]
[BlackElo "1837"]
[BlackRD "102"]
[GameID "258997"]

1. e4 c5 2. Nc3 g6 3. Nf3 Bg7 4. Bc4 Nc6 5. O-O d6 6. Ng5 e6 7. Nf3 Nge7 8. d3 O-O 9. Bg5 Qb6 10. Rb1 a6
11. Qe2 Qc7 12. h3 b5 13. Bb3 Na5 14. Qd2 Nxb3 15. cxb3 Bb7 16. Bh6 Rac8 17. h4 d5 18. Rbc1 c4 19. Bxg7 Kxg7 20. h5 h6
21. dxc4 dxe4 22. Nxe4 Bxe4 23. Qd4+ Kh7 24. Qxe4 Qb6 25. Rfd1 Rcd8 26. Ne5 Rxd1+ 27. Rxd1
1-0

[Event "lets play chess"]
[Site "SchemingMind.com"]
[Date "2010.12.28"]
[Round "-"]
[White "esteves101"]
[Black "Orange Lion"]
[Result "0-1"]
[WhiteCountry "PHI"]
[BlackCountry "NED"]
[WhiteElo "1733"]
[WhiteRD "93"]
[BlackElo "2462"]
[BlackRD "82"]
[GameID "270830"]

1. e4 e6 2. Nf3 d5 3. e5 c5 4. Nc3 Nc6 5. Bb5 Ne7 6. O-O a6 7. Be2 Nf5 8. d3 Be7 9. Bf4 g5 10. Bg3 h5
11. h3 Nxg3 12. fxg3 g4 13. Nd2 Qc7 14. hxg4 hxg4 15. Bxg4 Qxe5 16. Qf3 Qd4+ 17. Rf2 Ne5 18. Qf4 Nxg4
0-1

[Event "lets play chess"]
[Site "SchemingMind.com"]
[Date "2010.12.27"]
[Round "-"]
[White "Orange Lion"]
[Black "esteves101"]
[Result "1-0"]
[WhiteCountry "NED"]
[BlackCountry "PHI"]
[WhiteElo "2462"]
[WhiteRD "82"]
[BlackElo "1733"]
[BlackRD "93"]
[GameID "270837"]

1. e4 e5 2. Nf3 Nf6 3. Nxe5 d6 4. Nf3 Nxe4 5. d4 d5 6. Bd3 Bb4+ 7. c3 Bd6 8. O-O O-O 9. c4 c6 10. Nc3 Bg4
11. Nxe4 f5 12. Neg5 Qf6 13. Qb3 b6 14. cxd5 Kh8 15. Ne5 Bh5 16. Ne6 h6 17. Nxf8 Qxf8 18. Re1 Bxe5 19. Rxe5 Bg6 20. Bf4
1-0